000 00856nam a2200289Ia 4500
001 99335
003 IT-RoPAU
008 130308s9999 xx 000 0 und d
040 _aIT-RoPAU
040 _cIT-RoPAU
041 _aSPAGNOLO
100 _aSchiller Herbert I.
100 _gCodice Aut. SPICS: 1493
245 _aFuerza liberadora esta en el pueblo (La), no en los medios
245 _bComunicacion Para la Comunidad
250 _a1a ed.
260 _aBUENOS AIRES
260 _bEdiciones La Aurora
260 _c1990 [1° Ed.:1990 - Ed.Ling.Originale:1990]
300 _a"9 p. (prefazione: no ; testo: 9 [pagine: 83-91])"
500 _aForza Liberatrice Sta nel Popolo e Non Nei Media.
650 _aCONVEGNI/MANIFESTAZIONI PASTORALE D.CS
650 _eCodice materia Spics: 9315
942 _cBK
957 _71
999 _c87329
_d87329
999 _g1